01384nam a22003257a 45000050016000000100013000160200023000290200026000520350013000780370012000910820010001031000026001132450090001392600045002293000031002745040066003056000052003716000034004236500062004576500069005196500066005886500065006546500041007196500038007606500032007986500031008309420024008619990017008859520156009022011082505265.0 aB-442729 a0195681150c375.00 a9780195681154c375.00 aB-442729 bRBC/Ven00a891.41 aSethi, Rumina.93371110aMyths of the nation :bnational identity and literary representation /cRumina Sethi. aNew DelhiaOxford University Pressc2011 axii, 221 p. ;c23 cm. (Hb) aIncludes bibliographical references (p. [199]-215) and index.10aGandhi,cMahatma,d1869-1948xInfluence.93371200aRaja Rao.tKanthapura.933713 0aIndic literature (English)xHistory and criticism.933714 0aNationalism and literaturezIndiaxHistoryy20th century.933715 0aPolitics and literaturezIndiaxHistoryy20th century.933716 0aLiterature and historyzIndiaxHistoryy20th century.933717 0aGroup identity in literature.933718 0aNationalism in literature.933719 0aNarration (Rhetoric)933720 0aMyth in literature.933721 2ddccENh891.4mSET c55976d55976 001040708NFICaLbLd2011-08-26eRBC/25880/21.6.11/76/4.3.11/18.7.11g375.00l0o891.4 SETpB-442729r2011-08-26 00:00:00t1v375.00w2011-08-26yEN